Hamlet (Record no. 82020)

MARC details
000 -LEADER
fixed length control field 00261nam a2200121Ia 4500
008 - FIXED-LENGTH DATA ELEMENTS--GENERAL INFORMATION
fixed length control field 221102s9999 xx 000 0 und d
041 ## - LANGUAGE CODE
Language code of text/sound track or separate title eng
082 ## - DEWEY DECIMAL CLASSIFICATION NUMBER
Item number Ram
100 ## - MAIN ENTRY--PERSONAL NAME
Personal name Ramji Lall
245 ## - TITLE STATEMENT
Title Hamlet
250 ## - EDITION STATEMENT
Edition statement 27
260 ## - PUBLICATION, DISTRIBUTION, ETC. (IMPRINT)
Name of publisher, distributor, etc. Rama Brothers
Date of publication, distribution, etc. 1905-07-03
Holdings
Withdrawn status Lost status Damaged status Not for loan Collection code Home library Current library Date acquired Full call number Barcode Date last seen Bill Date Koha item type Original Barcode Total Checkouts Date last checked out
        BA College Of Computer Application For Women , Satara College Of Computer Application For Women , Satara 27/07/2021 RAM BCAS-B-561 04/11/2022 04/11/2022 Books B00561    
        BA College Of Computer Application For Women , Satara College Of Computer Application For Women , Satara 27/07/2021 RAM BCAS-B-562 03/01/2024 04/11/2022 Books B00562 1 30/12/2023
        BA College Of Computer Application For Women , Satara College Of Computer Application For Women , Satara 02/08/2021 822.33 RAM BCAS-B-602 04/11/2022 04/11/2022 Books B00602    
        BA College Of Computer Application For Women , Satara College Of Computer Application For Women , Satara 02/08/2021 822.33 RAM BCAS-B-603 04/11/2022 04/11/2022 Books B00603